<?xml version="1.0" encoding="UTF-8"?>
<record
    xmlns:xsi="http://www.w3.org/2001/XMLSchema-instance"
    xsi:schemaLocation="http://www.loc.gov/MARC21/slim http://www.loc.gov/standards/marcxml/schema/MARC21slim.xsd"
    xmlns="http://www.loc.gov/MARC21/slim">

  <leader>02365nam a2200241 b 4500</leader>
  <controlfield tag="003">3228</controlfield>
  <controlfield tag="005">20260430143034.0</controlfield>
  <controlfield tag="008">210816s9999    xx a          000 0 und d</controlfield>
  <datafield tag="020" ind1=" " ind2=" ">
    <subfield code="a">9780753417041</subfield>
    <subfield code="q">pbk</subfield>
  </datafield>
  <datafield tag="040" ind1=" " ind2=" ">
    <subfield code="a">RDA</subfield>
    <subfield code="c">3228</subfield>
  </datafield>
  <datafield tag="041" ind1=" " ind2=" ">
    <subfield code="2">E</subfield>
    <subfield code="a">English</subfield>
  </datafield>
  <datafield tag="082" ind1=" " ind2=" ">
    <subfield code="a">J 333.7 CALL</subfield>
  </datafield>
  <datafield tag="100" ind1=" " ind2=" ">
    <subfield code="a">CALLERY, SEAN </subfield>
    <subfield code="9">3103</subfield>
  </datafield>
  <datafield tag="245" ind1=" " ind2="0">
    <subfield code="a">I wonder why there's a hole in the sky and other questions about the environment /</subfield>
    <subfield code="c">Sean Callery</subfield>
  </datafield>
  <datafield tag="260" ind1=" " ind2=" ">
    <subfield code="a">London:</subfield>
    <subfield code="b">Kingfisher;</subfield>
    <subfield code="c">2008.</subfield>
  </datafield>
  <datafield tag="300" ind1=" " ind2=" ">
    <subfield code="a">32 Pages :</subfield>
    <subfield code="b">colour illustrations ;</subfield>
    <subfield code="c">28 cm.</subfield>
  </datafield>
  <datafield tag="490" ind1=" " ind2=" ">
    <subfield code="a">I wonder why</subfield>
  </datafield>
  <datafield tag="500" ind1=" " ind2=" ">
    <subfield code="a">The perfect introduction to the environment, featuring melting ice caps, the ozone hole, solar power and much more. Clear, lively text answers all those tricky questions about how the world works, while friendly, funny cartoons add interest.--Cover.</subfield>
  </datafield>
  <datafield tag="505" ind1=" " ind2=" ">
    <subfield code="a">Why is there life on earth? -- How can a star keep us warm -- What is the weather? -- Which blanket keeps Earth warm? -- How is the atmosphere like a greenhouse? -- What are the green house gases? -- Why are trees like the "bee's knees"? -- How does water cycle? -- Why can't we chop until we drop? -- What makes gas? -- Why is farming such a gas? -- What's that smell? -- Is it me, or is it hot here? -- Is this a wind-up? -- Has our climate always changed? -- Are we up to our necks in floods? -- What's wrong with parking lots? -- Who turned off the rain? -- Why are the poles hot stuff? -- Why is ice so cool? -- When is a river not a river? -- Why is there a hole in the sky? -- Is the hole in the sky always there? -- How can water be bad for you? -- When is oil like glue? -- What air makes you choke? -- Why are some animals on the move? -- Who needs a place to call home? -- Who is a tiger's worst enemy? -- What energy never runs out? -- How can the sun light up our nights? -- How is wind farmed? -- Why say bye to flying? -- What are food miles? -- Why all the fuss about taking a bus? -- Why is garbage such a waste? -- What are the three Rs? -- When is a worm my friend? -- How can I have a greener house? -- When is "off" not "off"? -- Why are some light bulbs greedy? -- How else can I save energy?</subfield>
  </datafield>
  <datafield tag="521" ind1=" " ind2=" ">
    <subfield code="a">Junior</subfield>
  </datafield>
  <datafield tag="650" ind1=" " ind2=" ">
    <subfield code="v">Climatic changes  </subfield>
    <subfield code="x"> Illustrated works</subfield>
    <subfield code="x">Juvenile works </subfield>
    <subfield code="x">Pollution  </subfield>
    <subfield code="x"> Environmental degradation  </subfield>
    <subfield code="x">Endangered species </subfield>
    <subfield code="9">195735</subfield>
  </datafield>
  <datafield tag="942" ind1=" " ind2=" ">
    <subfield code="c">BK</subfield>
    <subfield code="2">ddc</subfield>
    <subfield code="y">165</subfield>
    <subfield code="z">Lerato Kwadi</subfield>
  </datafield>
  <datafield tag="999" ind1=" " ind2=" ">
    <subfield code="c">65382</subfield>
    <subfield code="d">65381</subfield>
  </datafield>
  <datafield tag="952" ind1=" " ind2=" ">
    <subfield code="0">0</subfield>
    <subfield code="1">0</subfield>
    <subfield code="4">0</subfield>
    <subfield code="7">0</subfield>
    <subfield code="a">THUSL</subfield>
    <subfield code="b">THUSL</subfield>
    <subfield code="d">2021-08-17</subfield>
    <subfield code="g">270.00</subfield>
    <subfield code="l">0</subfield>
    <subfield code="p">3322830158659</subfield>
    <subfield code="r">2021-08-17</subfield>
    <subfield code="w">2021-08-17</subfield>
    <subfield code="y">BK</subfield>
  </datafield>
  <datafield tag="952" ind1=" " ind2=" ">
    <subfield code="0">0</subfield>
    <subfield code="1">0</subfield>
    <subfield code="2">ddc</subfield>
    <subfield code="4">0</subfield>
    <subfield code="7">0</subfield>
    <subfield code="a">LYDEL</subfield>
    <subfield code="b">LYDBL</subfield>
    <subfield code="c">Non_Fiction</subfield>
    <subfield code="d">2024-06-11</subfield>
    <subfield code="l">0</subfield>
    <subfield code="o">J 333.7 CALL</subfield>
    <subfield code="p">33228031105639</subfield>
    <subfield code="r">2024-06-11</subfield>
    <subfield code="w">2024-06-11</subfield>
    <subfield code="y">BK</subfield>
  </datafield>
  <datafield tag="952" ind1=" " ind2=" ">
    <subfield code="0">0</subfield>
    <subfield code="1">0</subfield>
    <subfield code="2">ddc</subfield>
    <subfield code="4">0</subfield>
    <subfield code="7">0</subfield>
    <subfield code="8">300</subfield>
    <subfield code="a">STANL</subfield>
    <subfield code="b">STANL</subfield>
    <subfield code="c">Non_Fiction</subfield>
    <subfield code="d">2025-07-22</subfield>
    <subfield code="g">179.00</subfield>
    <subfield code="l">0</subfield>
    <subfield code="o">J 333.7 CALL</subfield>
    <subfield code="p">33228031000722</subfield>
    <subfield code="r">2025-07-22</subfield>
    <subfield code="v">179.00</subfield>
    <subfield code="w">2025-07-22</subfield>
    <subfield code="y">BK</subfield>
  </datafield>
  <datafield tag="952" ind1=" " ind2=" ">
    <subfield code="0">0</subfield>
    <subfield code="1">0</subfield>
    <subfield code="2">ddc</subfield>
    <subfield code="4">0</subfield>
    <subfield code="7">0</subfield>
    <subfield code="8">F</subfield>
    <subfield code="a">VOLKL</subfield>
    <subfield code="b">VOLKL</subfield>
    <subfield code="c">FIC</subfield>
    <subfield code="d">2026-06-12</subfield>
    <subfield code="g">69.00</subfield>
    <subfield code="l">0</subfield>
    <subfield code="o">J 333.7 CALL</subfield>
    <subfield code="p">3322810020259</subfield>
    <subfield code="r">2026-06-12</subfield>
    <subfield code="w">2026-06-12</subfield>
    <subfield code="y">BK</subfield>
  </datafield>
</record>
